Design and analysis of experiments

Douglas Montgomery arms readers with the most effective approach for learning how to design, conduct, and analyze experiments that optimize performance in products and processes. He shows how to use statistically designed experiments to obtain information for characterization and optimization of sys...

Disgrifiad llawn

Wedi'i Gadw mewn:
Manylion Llyfryddiaeth
Prif Awdur: Montgomery, Douglas C.
Fformat: Llyfr
Iaith:Undetermined
Cyhoeddwyd: Hoboken, NJ John Wiley & Sons 2005
Pynciau:
Tagiau: Ychwanegu Tag
Dim Tagiau, Byddwch y cyntaf i dagio'r cofnod hwn!
Thư viện lưu trữ: Trung tâm Học liệu Trường Đại học Cần Thơ
LEADER 01459nam a2200217Ia 4500
001 CTU_191928
008 210402s9999 xx 000 0 und d
082 |a 001.434 
082 |b M787 
100 |a Montgomery, Douglas C. 
245 0 |a Design and analysis of experiments 
245 0 |c Douglas C. Montgomery 
260 |a Hoboken, NJ 
260 |b John Wiley & Sons 
260 |c 2005 
520 |a Douglas Montgomery arms readers with the most effective approach for learning how to design, conduct, and analyze experiments that optimize performance in products and processes. He shows how to use statistically designed experiments to obtain information for characterization and optimization of systems, improve manufacturing processes, and design and develop new processes and products. You will also learn how to evaluate material alternatives in product design, improve the field performance, reliability, and manufacturing aspects of products, and conduct experiments effectively and efficiently. 
526 |a Thiết kế và phân tích thí nghiệm,Thiết kế thí nghiệm và xử lý số liệu,Thiết kế thực nghiệm và tối ưu hóa,Thống kê phép thí nghiệm ứng dụng trong DT&CGCT 
526 |b CN563,CN621,TNH621,NNG601 
650 |a Experimental design,Thiết kế thí nghiệm 
910 |a Hải 
980 |a Trung tâm Học liệu Trường Đại học Cần Thơ